<?xml version="1.0" encoding="UTF-8"?>
<collection xmlns="http://www.loc.gov/MARC21/slim">
<record>
  <controlfield tag="001">1637</controlfield>
  <controlfield tag="005">20160222141731.0</controlfield>
  <datafield tag="037" ind1=" " ind2=" ">
    <subfield code="a">SISMOimport-154</subfield>
  </datafield>
  <datafield tag="100" ind1=" " ind2=" ">
    <subfield code="a">Alexandre, Pierre</subfield>
  </datafield>
  <datafield tag="260" ind1=" " ind2=" ">
    <subfield code="c">1996</subfield>
  </datafield>
  <datafield tag="245" ind1=" " ind2=" ">
    <subfield code="a">Les compilations séismologiques et le prétendu cataclysme provençal de 1227</subfield>
  </datafield>
  <datafield tag="773" ind1=" " ind2=" ">
    <subfield code="t">Les Catastrophes naturelles dans l'Europe médiévale et moderne (Actes des XVes Journées Internationales d'Histoire de l'Abbaye de Flaran, 10-12.9.1993), Toulouse</subfield>
    <subfield code="b">B. Benassar (ed.)</subfield>
    <subfield code="z">2-85816-264-6</subfield>
  </datafield>
  <datafield tag="856" ind1="4" ind2=" ">
    <subfield code="s">223195</subfield>
    <subfield code="u">http://publi2-as.oma.be/record/1637/files/PierreALEXANDRE-Lescompilationsseismologiquesetlepretenducataclysmeprovencalde1227.pdf</subfield>
  </datafield>
  <datafield tag="980" ind1=" " ind2=" ">
    <subfield code="a">BOOKSECT</subfield>
  </datafield>
</record>
</collection>